000 00544nam a2200181Ia 4500
005 20250508155605.0
008 008 250505s9999 xx 000 0 eng d
037 _aBooks to be hide in OPAC
040 _aFEDL
_beng
_cFEDL
041 _aeng
_2eng
084 _a378.73, UNI/O
_qFEDL
100 _aCartter Allan M
245 0 _aAssessment of quality in graduate education
260 _aWashington, USA
_bAmerican Council on Education
_c1966
300 _axvi,131p.
942 _cHB
_h378.73, UNI/O
999 _c1358056
_d1358056